Statistiques concernant Pays membres de l'OCDE

Cliquez ici pour prendre le quiz!

Statistiques générales

  • Ce quiz a été pris 134 fois
  • Le résultat moyen est 33 sur 38

Réponses sur la Carte

Les réponses sont colorées sur une échelle allant du rouge au vert en fonction du pourcentage des utilisateurs qui les ont devinées à leur premier essai. Vous pouvez retrouver ces pourcentages ci-dessous.
 

Statistiques - réponses

HintHintPays% Correct
386105France
100%
404.089.9Allemagne
99%
14366Canada
99%
153129États-Unis
99%
361.7127.6Portugal
99%
372127.5Espagne
98%
37786Royaume-Uni
98%
391.091.0Belgique
97%
416.4124.2Italie
97%
363.082.5Irlande
96%
401.757Norvège
96%
414.360.5Suède
96%
398.4103.5Suisse
96%
401.573.5Danemark
95%
39386.9Pays-Bas
95%
683.0342.0Australie
94%
43752Finlande
94%
151.0182.0Mexique
94%
430129Grèce
93%
423.687.1Pologne
93%
414.2100.9Autriche
92%
34143Islande
92%
693.3140.0Japon
90%
439.064.8Estonie
88%
438.070.6Lettonie
88%
460.3130.6Turquie
87%
414.093.8République Tchèque
86%
424.4103.1Hongrie
85%
434.376.3Lituanie
84%
423.098.0Slovaquie
84%
394.394.2Luxembourg
83%
776.7391.9Nouvelle-Zélande
83%
413.0106.5Slovénie
83%
669139Corée du Sud
80%
459.0157.0Israël
53%
218384Chili
50%
216.3247.5Colombie
45%
192.0228.0Costa Rica
25%

Distribution des résultats

Percentile par nombre de réponses

% des personnes avec chaque résultat

Votre développement - résultats

Vous n’avez pas pris ce quiz